[Event "48th Italian Teams 2016"]
[Site "Civitanova Marche ITA"]
[Date "2016.04.29"]
[Round "4.2"]
[Board "2"]
[White "Basso, Pier Luigi"]
[Black "Brunello, Sabino"]
[Result "0-1"]
[WhiteTitle "FM"]
[BlackTitle "GM"]
[WhiteElo "2466"]
[BlackElo "2570"]
[WhiteTeam "Montebelluna Master"]
[BlackTeam "WorldTradingLab Club 64 Modena"]
[WhiteFideId "866970"]
[BlackFideId "813613"]
[EventDate "2016.04.27"]
[EventType "team"]

1. d4 e6 2. c4 Bb4+ 3. Nc3 f5 4. Qb3 a5 5. a3 Bxc3+ 6. Qxc3 Nf6 7. Nf3 O-O 8. g3
b6 9. Bg2 Bb7 10. b3 d6 11. O-O Qe7 12. Bb2 Nbd7 13. Rad1 Ne4 14. Qe3 Rab8 15.
Ne1 Ba8 16. f3 Nef6 17. Nc2 b5 18. Rb1 bxc4 19. bxc4 Nb6 20. Qd3 Bb7 21. Ne3 f4
22. gxf4 Nh5 23. Qc2 Nxf4 24. Kh1 Ba6 25. Rg1 d5 26. c5 Nc4 27. Nxc4 Bxc4 28.
Rbe1 Qh4 29. Bc1 Nxg2 30. Kxg2 Qxd4 31. Kh1 Rf7 32. Rd1 Qxc5 33. Bb2 Qe3 34. Rd2
e5 35. Qc3 Qxc3 36. Bxc3 d4 37. Bxa5 Rb5 38. Rc1 Bxe2 39. Bxc7 Bxf3+ 40. Kg1 Rd5
41. Bb6 h6 0-1

[Event "48th Italian Teams 2016"]
[Site "Civitanova Marche ITA"]
[Date "2016.04.29"]
[Round "4.2"]
[Board "3"]
[White "Ortega, Lexy"]
[Black "Mrdja, Milan"]
[Result "1/2-1/2"]
[WhiteTitle "GM"]
[BlackTitle "IM"]
[WhiteElo "2480"]
[BlackElo "2342"]
[WhiteTeam "WorldTradingLab Club 64 Modena"]
[BlackTeam "Montebelluna Master"]
[WhiteFideId "811416"]
[BlackFideId "14500337"]
[EventDate "2016.04.27"]
[EventType "team"]

1. d4 g6 2. Nf3 Bg7 3. c4 Nf6 4. g3 O-O 5. Bg2 c6 6. O-O d5 7. Qb3 Qb6 8. Nc3
Be6 9. c5 Qa6 10. a4 b6 11. Qa3 bxc5 12. Qxc5 Qb7 13. Ne5 Rc8 14. Qa3 a5 15. Bd2
Nfd7 16. f4 Nxe5 17. fxe5 Nd7 18. Kh1 Bf8 19. Rab1 f6 20. e4 fxe5 21. exd5 cxd5
22. b4 e4 23. bxa5 Qc7 24. Rfc1 Qd8 25. Nb5 Nf6 26. Rxc8 Bxc8 27. Qc5 Bf5 28.
Rc1 Rc8 29. Qb6 Rxc1+ 30. Bxc1 Qc8 31. Qc7 Qe6 32. Qb6 Qc8 33. Qc7 Qe6 34. Qb6
Qc8 35. Qc7 Qe6 36. Qb6 Qc8 1/2-1/2

[Event "48th Italian Teams 2016"]
[Site "Civitanova Marche ITA"]
[Date "2016.04.29"]
[Round "4.2"]
[Board "4"]
[White "Balzan, Alessandro"]
[Black "Caprio, Guido"]
[Result "0-1"]
[BlackTitle "IM"]
[WhiteElo "2051"]
[BlackElo "2429"]
[WhiteTeam "Montebelluna Master"]
[BlackTeam "WorldTradingLab Club 64 Modena"]
[WhiteFideId "895199"]
[BlackFideId "834580"]
[EventDate "2016.04.27"]
[EventType "team"]

1. d4 e6 2. Nf3 Nf6 3. g3 b6 4. Bg2 Bb7 5. O-O g6 6. c4 Bg7 7. Nc3 O-O 8. Qc2 d5
9. cxd5 exd5 10. Rd1 Na6 11. Bg5 h6 12. Bf4 Qe7 13. Rac1 Rfd8 14. a3 c5 15. h3
Rac8 16. e3 Ne4 17. g4 cxd4 18. Nxd4 Nxc3 19. bxc3 Qxa3 20. Ra1 Qe7 21. Bf1 Nb4
22. Qa4 Nc6 23. Nxc6 Rxc6 24. Bb5 Rc5 25. Rab1 d4 26. cxd4 Qe4 27. d5 Rcxd5 28.
f3 Qxf3 29. Rf1 Qxh3 30. Rb2 Bxb2 0-1

[Event "48th Italian Teams 2016"]
[Site "Civitanova Marche ITA"]
[Date "2016.04.29"]
[Round "4.3"]
[Board "1"]
[White "Iordachescu, Viorel"]
[Black "Horvath, Csaba"]
[Result "1/2-1/2"]
[WhiteTitle "GM"]
[BlackTitle "GM"]
[WhiteElo "2581"]
[BlackElo "2519"]
[WhiteTeam "Partenopea Westend Napoli"]
[BlackTeam "Arrocco Chess Club Montesilvano"]
[WhiteFideId "13900200"]
[BlackFideId "700118"]
[EventDate "2016.04.27"]
[EventType "team"]

1. e4 e6 2. d4 d5 3. Nc3 dxe4 4. Nxe4 Bd7 5. Nf3 Bc6 6. Bd3 Nd7 7. O-O Ngf6 8.
Ned2 Be7 9. a4 O-O 10. a5 b5 11. a6 Rb8 12. Re1 Rb6 13. Ne5 Nxe5 14. dxe5 Qd5
15. Nf3 Nd7 16. Qe2 Nc5 17. Rd1 Nxd3 18. Rxd3 Qc4 19. Be3 Bc5 20. Bxc5 Qxc5 21.
Nd4 b4 22. Nxc6 1/2-1/2

[Event "48th Italian Teams 2016"]
[Site "Civitanova Marche ITA"]
[Date "2016.04.29"]
[Round "4.3"]
[Board "2"]
[White "Altini, Nicola"]
[Black "Collutiis, Duilio"]
[Result "1/2-1/2"]
[WhiteTitle "IM"]
[BlackTitle "IM"]
[WhiteElo "2413"]
[BlackElo "2466"]
[WhiteTeam "Arrocco Chess Club Montesilvano"]
[BlackTeam "Partenopea Westend Napoli"]
[WhiteFideId "833924"]
[BlackFideId "805475"]
[EventDate "2016.04.27"]
[EventType "team"]

1. d4 Nf6 2. c4 e6 3. Nf3 Bb4+ 4. Bd2 Qe7 5. g3 Nc6 6. Nc3 Bxc3 7. Bxc3 Ne4 8.
Rc1 O-O 9. Bg2 a5 10. O-O Nxc3 11. Rxc3 d6 12. d5 Nb4 13. a3 Na6 14. dxe6 fxe6
15. Nd4 e5 16. Nc2 a4 17. Re3 Nc5 18. f4 c6 19. fxe5 Rxf1+ 20. Qxf1 dxe5 1/2-1/2

[Event "48th Italian Teams 2016"]
[Site "Civitanova Marche ITA"]
[Date "2016.04.29"]
[Round "4.3"]
[Board "3"]
[White "Piscopo, Pierluigi"]
[Black "Pescatore, Lorenzo"]
[Result "1/2-1/2"]
[WhiteTitle "IM"]
[BlackTitle "FM"]
[WhiteElo "2431"]
[BlackElo "2317"]
[WhiteTeam "Partenopea Westend Napoli"]
[BlackTeam "Arrocco Chess Club Montesilvano"]
[WhiteFideId "809152"]
[BlackFideId "839302"]
[EventDate "2016.04.27"]
[EventType "team"]

1. d4 Nf6 2. c4 e6 3. Bg5 Bb4+ 4. Nd2 h6 5. Bxf6 Qxf6 6. Nf3 O-O 7. a3 Bxd2+ 8.
Qxd2 d6 9. Qc3 Nc6 10. g3 e5 11. d5 Nd4 12. Rd1 Nxf3+ 13. exf3 b6 14. Bg2 Qg6
15. O-O a5 16. b3 Bd7 17. Rfe1 Rfe8 18. Ra1 1/2-1/2

[Event "48th Italian Teams 2016"]
[Site "Civitanova Marche ITA"]
[Date "2016.04.29"]
[Round "4.3"]
[Board "4"]
[White "Boscolo, Federico"]
[Black "Lagumina, Giulio"]
[Result "0-1"]
[WhiteTitle "FM"]
[BlackTitle "FM"]
[WhiteElo "2309"]
[BlackElo "2311"]
[WhiteTeam "Arrocco Chess Club Montesilvano"]
[BlackTeam "Partenopea Westend Napoli"]
[WhiteFideId "848093"]
[BlackFideId "800619"]
[EventDate "2016.04.27"]
[EventType "team"]

1. e4 e5 2. Nf3 Nc6 3. Bc4 Bc5 4. c3 Nf6 5. d3 O-O 6. O-O d6 7. b4 Bb6 8. a4 a5
9. b5 Ne7 10. Nbd2 Ng6 11. Bb3 c6 12. Nc4 Bc7 13. Re1 Re8 14. d4 exd4 15. Qxd4
d5 16. exd5 Rxe1+ 17. Nxe1 cxd5 18. Nb2 Be5 19. Qd3 Qc7 20. Bd2 Bxh2+ 21. Kf1
Be6 22. Nf3 Ne5 23. Nxe5 Bxe5 24. Rc1 Ne4 25. Be3 Nc5 26. Bxc5 Qxc5 27. Nd1 Rc8
28. Ne3 Qa3 29. Qd1 d4 30. Bxe6 fxe6 31. Ng4 Bf4 32. Rc2 Rxc3 33. Qe1 Qb3 34.
Rxc3 dxc3 0-1

[Event "48th Italian Teams 2016"]
[Site "Civitanova Marche ITA"]
[Date "2016.04.29"]
[Round "4.4"]
[Board "1"]
[White "Prohaszka, Peter2"]
[Black "Bosiocic, Marin"]
[Result "1-0"]
[WhiteTitle "GM"]
[BlackTitle "GM"]
[WhiteElo "2598"]
[BlackElo "2564"]
[WhiteTeam "Fano1988"]
[BlackTeam "SST 1904"]
[WhiteFideId "726265"]
[BlackFideId "14507927"]
[EventDate "2016.04.27"]
[EventType "team"]

1. d4 Nf6 2. c4 g6 3. g3 Bg7 4. Bg2 O-O 5. Nf3 d6 6. Nc3 Nbd7 7. O-O e5 8. e4 c6
9. h3 b6 10. Be3 Bb7 11. Qc2 Re8 12. Rad1 Qe7 13. Rfe1 a6 14. c5 bxc5 15. dxe5
dxe5 16. Na4 Bf8 17. Nd2 a5 18. Nb3 Ba6 19. Naxc5 Nxc5 20. Nxc5 Bc8 21. Rd3 Nd7
22. Rc1 Nxc5 23. Bxc5 Qxc5 24. Qxc5 Bxc5 25. Rxc5 Be6 26. Rxe5 a4 27. Rc5 Rab8
28. b3 axb3 29. axb3 Rec8 30. Rcc3 c5 31. Re3 Ra8 32. g4 g5 33. Bf1 Ra5 34. Bc4
Bxc4 35. Rxc4 Rb8 36. Rec3 h6 37. h4 gxh4 38. Kg2 Kg7 39. Kh3 Ra3 40. Kxh4 Rbxb3
41. Rxb3 Rxb3 42. Rxc5 Rf3 43. Rf5 Ra3 44. e5 Ra6 45. Rf3 Kg6 46. Rd3 Ra4 47.
Rd6+ Kg7 48. Kg3 Rb4 49. Rd7 Re4 50. f4 Kf8 51. Rd1 Re3+ 52. Kf2 Ra3 53. Rd8+
Kg7 54. f5 Ra5 55. Re8 Ra2+ 56. Ke3 Ra3+ 57. Kd4 Ra4+ 58. Kd5 Ra5+ 59. Kd6 Ra6+
60. Kc5 Ra5+ 61. Kb4 Rd5 62. Kc4 Ra5 63. f6+ Kh7 64. Kd4 Ra4+ 65. Kd5 Ra5+ 66.
Ke4 Ra4+ 67. Kf5 Ra5 68. Rf8 Ra7 69. Rxf7+ Rxf7 70. e6 Ra7 71. e7 Ra5+ 72. Ke6
Ra6+ 73. Kf7 1-0

[Event "48th Italian Teams 2016"]
[Site "Civitanova Marche ITA"]
[Date "2016.04.29"]
[Round "4.4"]
[Board "2"]
[White "Lostuzzi, Manlio"]
[Black "Djuric, Stefan"]
[Result "0-1"]
[WhiteTitle "FM"]
[BlackTitle "GM"]
[WhiteElo "2422"]
[BlackElo "2391"]
[WhiteTeam "SST 1904"]
[BlackTeam "Fano1988"]
[WhiteFideId "802441"]
[BlackFideId "900133"]
[EventDate "2016.04.27"]
[EventType "team"]

1. d4 Nf6 2. c4 g6 3. f3 Bg7 4. e4 d6 5. Nc3 O-O 6. Be3 b6 7. Qd2 c5 8. d5 e6 9.
Nge2 Ba6 10. Ng3 exd5 11. cxd5 Bxf1 12. Nxf1 a6 13. a4 Nbd7 14. Bf2 b5 15. Ne3
c4 16. axb5 Nc5 17. Rb1 Nd3+ 18. Ke2 axb5 19. Nxb5 Qd7 20. Nc3 Nh5 21. Nxc4
Nhf4+ 22. Kf1 Qc7 23. Ne3 Rfb8 24. Ncd1 Nxb2 25. Rxb2 Bxb2 26. g3 Bc1 27. Qd4
Bxe3 28. Bxe3 Ra2 29. gxf4 Rb1 30. Bf2 Qc1 31. Kg2 Qxf4 32. Rf1 Qg5+ 33. Kh1 Rd2
34. Qa4 Qf6 35. Kg2 Qg5+ 36. Kh1 Rbxd1 37. Rxd1 Rxf2 38. Qa8+ Kg7 39. Qa1+ Kh6
40. Rg1 Qf4 41. Rg2 Rxf3 0-1

[Event "48th Italian Teams 2016"]
[Site "Civitanova Marche ITA"]
[Date "2016.04.29"]
[Round "4.4"]
[Board "3"]
[White "Sebastianelli, Diego"]
[Black "Barp, Alberto"]
[Result "0-1"]
[WhiteTitle "FM"]
[BlackTitle "FM"]
[WhiteElo "2348"]
[BlackElo "2297"]
[WhiteTeam "Fano1988"]
[BlackTeam "SST 1904"]
[WhiteFideId "802735"]
[BlackFideId "872555"]
[EventDate "2016.04.27"]
[EventType "team"]

1. d4 d5 2. Nc3 c6 3. Bg5 Nf6 4. Qd3 Nbd7 5. Nf3 Qa5 6. Bd2 Qc7 7. e4 dxe4 8.
Nxe4 Nxe4 9. Qxe4 Nf6 10. Qe5 Qd6 11. h3 g6 12. Bd3 Bg7 13. O-O-O O-O 14. Rhe1
Nd5 15. Qxd6 exd6 16. Bc4 Nb6 17. Bb3 d5 18. a4 a5 19. g4 h6 20. Re2 Be6 21. Ne5
Kh7 22. f4 Bxe5 23. fxe5 Nc4 24. Be1 Rfd8 25. Bh4 Rdc8 26. c3 Rc7 27. Bf6 b5 28.
Rg1 Nb6 29. h4 bxa4 30. Bc2 Kg8 31. Bd3 Rb8 32. Rc2 Nc4 33. Rg3 Rcb7 34. Bxc4
dxc4 35. Re2 Bd5 36. e6 Bxe6 37. Be5 a3 38. bxa3 Rb1+ 39. Kd2 R8b3 40. Bd6 Ra1
41. Be7 Rbb1 42. Ke3 Rd1 43. Kf4 Rab1 44. Bd8 Rf1+ 45. Ke4 a4 46. Be7 f6 47. Bb4
Rbd1 0-1

[Event "48th Italian Teams 2016"]
[Site "Civitanova Marche ITA"]
[Date "2016.04.29"]
[Round "4.4"]
[Board "4"]
[White "Cherin, Diego"]
[Black "Pedini, Dario"]
[Result "0-1"]
[WhiteTitle "FM"]
[WhiteElo "2226"]
[BlackElo "2246"]
[WhiteTeam "SST 1904"]
[BlackTeam "Fano1988"]
[WhiteFideId "816922"]
[BlackFideId "824623"]
[EventDate "2016.04.27"]
[EventType "team"]

1. e4 e5 2. Nf3 Nc6 3. Bb5 Nge7 4. Nc3 d6 5. d4 Bd7 6. Be3 Ng6 7. h4 exd4 8.
Bxd4 Nxd4 9. Bxd7+ Qxd7 10. Qxd4 Nf4 11. O-O-O Ne6 12. Qe3 Be7 13. Qd4 Bf8 14.
Qe3 Be7 15. Kb1 c6 16. g4 Qc7 17. Ne2 Qb6 18. Ned4 O-O-O 19. Rhe1 Rhe8 20. g5 g6
21. Nh2 Bf8 22. Nb3 Qxe3 23. Rxe3 h6 24. Nf3 Bg7 25. c3 Rh8 26. e5 hxg5 27. hxg5
dxe5 28. Rxd8+ Rxd8 29. Kc2 Rh8 30. Nbd2 Kc7 31. Nc4 Rh3 32. Kd3 Rxf3 33. Rxf3
e4+ 34. Kxe4 Nxg5+ 35. Kf4 Nxf3 36. Kxf3 b5 37. Nd2 Kd6 38. Ne4+ Ke6 39. Ng5+
Ke7 40. Ke4 f5+ 41. Kd3 Bf6 42. Nf3 Ke6 43. b3 g5 44. Ne1 g4 45. Nc2 Kd6 46. Ne3
Ke5 47. c4 Bg5 48. Nc2 bxc4+ 49. bxc4 c5 50. Na3 a6 51. Nb1 Bh4 52. Ke2 Kd4 53.
Nd2 Bg5 54. Nf1 Bf4 0-1

[Event "48th Italian Teams 2016"]
[Site "Civitanova Marche ITA"]
[Date "2016.04.29"]
[Round "4.5"]
[Board "1"]
[White "Bertagnolli, Alexander"]
[Black "Mazzilli, Piero"]
[Result "1/2-1/2"]
[WhiteTitle "IM"]
[BlackTitle "FM"]
[WhiteElo "2376"]
[BlackElo "2351"]
[WhiteTeam "Euro Scacchi Perugia"]
[BlackTeam "Banca Nuova Palermo"]
[WhiteFideId "809551"]
[BlackFideId "807087"]
[EventDate "2016.04.27"]
[EventType "team"]

1. e4 e6 2. d4 d5 3. exd5 exd5 4. Bd3 Bd6 5. Qf3 c6 6. Ne2 Qf6 7. Bf4 Bxf4 8.
Qxf4 Nd7 9. Nd2 Ne7 10. O-O-O O-O 11. h4 Qxf4 12. Nxf4 Ng6 13. Bxg6 hxg6 14. f3
Re8 15. Rde1 Nf6 16. Rxe8+ Nxe8 17. Re1 Nd6 18. g4 Kf8 19. Nf1 b6 20. Ne3 Ba6
21. Kd2 Re8 22. b3 Nb5 23. c3 Nc7 24. a4 Rb8 25. Ra1 Bc8 26. Nd3 f6 27. a5 b5
28. Nc2 Na6 29. Ke3 Bd7 30. Re1 Re8+ 31. Kf4 Rxe1 32. Ncxe1 Ke7 33. Nc5 Nc7 34.
Ned3 Bc8 35. Ke3 Ne6 36. Nxe6 Bxe6 37. Nf4 Bf7 38. Nd3 Be8 39. Kd2 Kd6 40. Kc1
Bf7 41. Kb2 Be8 42. Ka3 Bf7 43. Kb4 Be6 44. Nc5 Bf7 45. Nb7+ Kc7 46. Nc5 Kd6 47.
Nd3 Be6 48. Nf4 Bf7 49. Ng2 Be6 50. Nf4 Bf7 51. Ka3 Be8 52. Kb4 1/2-1/2

[Event "48th Italian Teams 2016"]
[Site "Civitanova Marche ITA"]
[Date "2016.04.29"]
[Round "4.5"]
[Board "2"]
[White "Amato, Andrea"]
[Black "Lodici, Lorenzo"]
[Result "0-1"]
[WhiteTitle "FM"]
[BlackTitle "FM"]
[WhiteElo "2293"]
[BlackElo "2371"]
[WhiteTeam "Banca Nuova Palermo"]
[BlackTeam "Euro Scacchi Perugia"]
[WhiteFideId "813222"]
[BlackFideId "884189"]
[EventDate "2016.04.27"]
[EventType "team"]

1. c4 f5 2. g3 Nf6 3. Bg2 g6 4. Nc3 Bg7 5. d3 Nc6 6. Rb1 e5 7. e3 O-O 8. Nge2 d6
9. O-O Be6 10. Nd5 Rb8 11. b4 Ne7 12. Nec3 a6 13. Nxf6+ Bxf6 14. Nd5 Bg7 15. b5
axb5 16. Nxe7+ Qxe7 17. Rxb5 e4 18. Qb3 c6 19. Rb6 Qf7 20. Ba3 Rfd8 21. Rc1 d5
22. d4 dxc4 23. Qc3 Ra8 24. Rcb1 Rd7 25. Bf1 g5 26. Bc5 f4 27. a4 Bf8 28. a5
fxg3 29. hxg3 Bxc5 30. dxc5 Rf8 31. R6b2 h5 32. Rc1 h4 33. Bxc4 hxg3 34. Bxe6
Qxe6 35. fxg3 Qg4 36. Qb3+ Rff7 37. Rf1 Kf8 38. Rxf7+ Rxf7 39. Rg2 Qf3 40. Qxf7+
Kxf7 41. Rf2 g4 42. Rxf3+ exf3 43. e4 Ke6 44. Kf2 Kf6 45. Ke3 Ke5 46. Kd3 f2 47.
Ke2 Kxe4 0-1

[Event "48th Italian Teams 2016"]
[Site "Civitanova Marche ITA"]
[Date "2016.04.29"]
[Round "4.5"]
[Board "3"]
[White "Sibilio, Mario"]
[Black "Genovese, Maurizio"]
[Result "1-0"]
[WhiteTitle "FM"]
[BlackTitle "FM"]
[WhiteElo "2314"]
[BlackElo "2251"]
[WhiteTeam "Euro Scacchi Perugia"]
[BlackTeam "Banca Nuova Palermo"]
[WhiteFideId "800422"]
[BlackFideId "802930"]
[EventDate "2016.04.27"]
[EventType "team"]

1. d4 d6 2. g3 f5 3. e4 fxe4 4. Nc3 Nf6 5. Bg5 d5 6. Bxf6 exf6 7. Qh5+ g6 8.
Qxd5 Qxd5 9. Nxd5 Kd8 10. Nxf6 Bf5 11. Bg2 Bg7 12. Nxe4 Re8 13. f3 c5 14. dxc5
Bxb2 15. Rb1 Bc3+ 16. Kf1 Bxe4 17. fxe4 Nd7 18. Rb3 Ba5 19. Rb5 b6 20. c6 Ne5
21. Nf3 Ng4 22. Bh3 Rxe4 23. Bxg4 Rxg4 24. Rd5+ Ke8 25. Re5+ Kf8 26. Kg2 Rc4 27.
Rf1 Rxc2+ 28. Rf2 Rxf2+ 29. Kxf2 Rc8 30. Re6 Bc3 31. Ke3 b5 32. Ng5 Bb2 33. Ke4
Bc1 34. Nf3 Rd8 35. c7 Rc8 36. Rc6 Bb2 37. Kd5 Ke7 38. Rc2 Ba3 39. Kc6 Bb4 40.
Kb7 1-0

[Event "48th Italian Teams 2016"]
[Site "Civitanova Marche ITA"]
[Date "2016.04.29"]
[Round "4.5"]
[Board "4"]
[White "Ramondino, Renzo"]
[Black "Paltrinieri, Nicholas"]
[Result "1-0"]
[WhiteTitle "FM"]
[WhiteElo "2143"]
[BlackElo "2209"]
[WhiteTeam "Banca Nuova Palermo"]
[BlackTeam "Euro Scacchi Perugia"]
[WhiteFideId "810304"]
[BlackFideId "828262"]
[EventDate "2016.04.27"]
[EventType "team"]

1. d4 e6 2. e4 d5 3. Nc3 Bb4 4. e5 b6 5. a3 Bf8 6. Nf3 Qd7 7. b4 Ne7 8. Rb1 Nbc6
9. Bd3 Bb7 10. Ne2 O-O-O 11. Bd2 Ng6 12. h4 f6 13. h5 Ngxe5 14. dxe5 Nxe5 15.
Nxe5 fxe5 16. Ng3 Bd6 17. Qg4 e4 18. Be2 Qa4 19. Rb3 Kb8 20. O-O g6 21. h6 e5
22. f3 exf3 23. Bxf3 e4 24. Be2 Qc6 25. Rc3 Qe8 26. Bf4 d4 27. Rb3 Bd5 28. Rbb1
Qc6 29. Rbc1 Rhe8 30. Bxd6 Rxd6 31. Rfe1 Qc3 32. Bb5 c6 33. Qf4 Re6 34. Ba6 Kc7
35. Nxe4 Bxe4 36. Rxe4 Rxe4 37. Qxe4 Qxa3 38. Qe7+ Rd7 39. Qe5+ Rd6 40. Rf1 Qe3+
41. Qxe3 dxe3 42. Rf7+ Kd8 43. Bd3 Ke8 44. Rxh7 Kf8 45. Rxa7 1-0

[Event "48th Italian Teams 2016"]
[Site "Civitanova Marche ITA"]
[Date "2016.04.30"]
[Round "5.1"]
[Board "1"]
[White "Iordachescu, Viorel"]
[Black "Socko, Bartosz"]
[Result "1/2-1/2"]
[WhiteTitle "GM"]
[BlackTitle "GM"]
[WhiteElo "2581"]
[BlackElo "2584"]
[WhiteTeam "Partenopea Westend Napoli"]
[BlackTeam "Circolo Scacchi R. Fischer Chieti"]
[WhiteFideId "13900200"]
[BlackFideId "1107038"]
[EventDate "2016.04.27"]

1. e4 e5 2. Nf3 Nc6 3. Bb5 a6 4. Ba4 Nf6 5. O-O Be7 6. Re1 b5 7. Bb3 d6 8. c3
O-O 9. h3 Nb8 10. d3 c5 11. Nbd2 Nc6 12. Nf1 Be6 13. Bc2 Nd7 14. Ng3 Re8 15. Be3
Rc8 16. d4 cxd4 17. cxd4 exd4 18. Nxd4 Nxd4 19. Bxd4 Bf6 20. Bb3 Bxd4 21. Qxd4
Qb6 22. Qd2 Bxb3 23. axb3 g6 24. Re3 Re6 25. b4 Nf6 26. Rea3 Nxe4 27. Nxe4 Rxe4
28. Rxa6 Qd4 29. Rxd6 Qxd2 30. Rxd2 Rxb4 31. g3 1/2-1/2

[Event "48th Italian Teams 2016"]
[Site "Civitanova Marche ITA"]
[Date "2016.04.30"]
[Round "5.1"]
[Board "2"]
[White "Rombaldoni, Axel"]
[Black "Collutiis, Duilio"]
[Result "1-0"]
[WhiteTitle "GM"]
[BlackTitle "IM"]
[WhiteElo "2553"]
[BlackElo "2466"]
[WhiteTeam "Circolo Scacchi R. Fischer Chieti"]
[BlackTeam "Partenopea Westend Napoli"]
[WhiteFideId "815837"]
[BlackFideId "805475"]
[EventDate "2016.04.27"]

1. e4 d6 2. d4 Nf6 3. Nc3 c6 4. h3 g6 5. g4 Bg7 6. Be3 h5 7. g5 Nfd7 8. f4 Nb6
9. Nf3 d5 10. Bd3 dxe4 11. Nxe4 Bf5 12. Qe2 Qd5 13. Bd2 O-O 14. c3 Nc4 15. Nh4
Nxb2 16. Bc2 e6 17. Rb1 Nc4 18. Rxb7 Nd6 19. Nxf5 exf5 20. Nxd6 Qxh1+ 21. Qf1
Qd5 22. Nxf7 Rxf7 23. Rxf7 Qxa2 24. Re7 Nd7 25. Bd3 Nb6 26. Qe2 Kh7 27. Bxf5 1-0

[Event "48th Italian Teams 2016"]
[Site "Civitanova Marche ITA"]
[Date "2016.04.30"]
[Round "5.1"]
[Board "3"]
[White "Piscopo, Pierluigi"]
[Black "Garcia Palermo, Carlos"]
[Result "1-0"]
[WhiteTitle "IM"]
[BlackTitle "GM"]
[WhiteElo "2431"]
[BlackElo "2440"]
[WhiteTeam "Partenopea Westend Napoli"]
[BlackTeam "Circolo Scacchi R. Fischer Chieti"]
[WhiteFideId "809152"]
[BlackFideId "110124"]
[EventDate "2016.04.27"]

1. e4 c5 2. Nf3 Nf6 3. Nc3 Nc6 4. Bb5 d6 5. e5 dxe5 6. Bxc6+ bxc6 7. Nxe5 Qc7 8.
Qe2 e6 9. d3 Nd5 10. Bd2 Be7 11. O-O O-O 12. f4 Bd6 13. Qe4 f5 14. Qe2 c4 15.
dxc4 Nf6 16. Nd3 Qe7 17. Be3 Ba6 18. b3 Rac8 19. Bd4 c5 20. Be5 Ng4 21. Rad1
Nxe5 22. Nxe5 Rfd8 23. Rd3 Bb7 24. Rfd1 a6 25. R1d2 Bc7 26. Rd7 Rxd7 27. Rxd7
Qe8 28. Qd3 Bxe5 29. fxe5 Bc6 30. Rd6 h6 31. Ne2 Be4 32. Qg3 Qf7 33. h4 Bxc2 34.
Nf4 Re8 35. h5 Be4 36. Qg6 Qxg6 37. hxg6 Bb1 38. Rxa6 1-0

[Event "48th Italian Teams 2016"]
[Site "Civitanova Marche ITA"]
[Date "2016.04.30"]
[Round "5.1"]
[Board "4"]
[White "Rombaldoni, Denis"]
[Black "Stromboli, Ettore"]
[Result "1/2-1/2"]
[WhiteTitle "IM"]
[BlackTitle "FM"]
[WhiteElo "2467"]
[BlackElo "2309"]
[WhiteTeam "Circolo Scacchi R. Fischer Chieti"]
[BlackTeam "Partenopea Westend Napoli"]
[WhiteFideId "813575"]
[BlackFideId "813761"]
[EventDate "2016.04.27"]

1. d4 Nf6 2. Nf3 e6 3. Bf4 b6 4. h3 Bb7 5. e3 Be7 6. Nbd2 c5 7. c3 O-O 8. Bd3
Ba6 9. Bxa6 Nxa6 10. Ne5 Qc8 11. Qf3 Nd5 12. Bh2 f6 13. Nd3 c4 14. e4 Nxc3 15.
bxc3 cxd3 16. Qxd3 Qb7 17. a4 Rac8 18. O-O Nc7 19. a5 Qc6 20. c4 Bd6 21. e5 Be7
22. axb6 axb6 23. Rab1 f5 24. Rb3 Ra8 25. Rfb1 Ra6 26. Qf3 Rb8 27. Rd3 Qxf3 28.
Nxf3 Ra3 29. Rd2 Rc3 30. c5 b5 31. Rdb2 Kf7 32. Bf4 Ra8 33. Bd2 Rc4 34. g3 Ra3
35. Kg2 Ke8 36. Rb3 Ra2 37. Be3 Raa4 38. R1b2 Ra1 39. Nd2 Rca4 40. Nb1 g5 41.
Nc3 Rc4 42. Nxb5 Nxb5 43. Rxb5 f4 44. gxf4 gxf4 45. Bxf4 Rxd4 46. Be3 Rd5 47.
Rb8+ Kf7 48. R2b7 Rad1 49. Rh8 Bxc5 50. Bxc5 Rxc5 51. Rxh7+ Kg6 52. Rbxd7 Rxd7
53. Rxd7 Rxe5 54. h4 Ra5 55. Rb7 Rc5 56. Kg3 Ra5 57. Rb4 Rc5 58. Kg4 Ra5 59. Re4
Kf6 60. h5 Rg5+ 61. Kh4 Rf5 62. f4 Ra5 63. Re5 Ra1 64. Kg3 Rg1+ 65. Kf2 Rg4 66.
Kf3 Rg1 67. Ra5 Rh1 68. Kg2 Rh4 69. Kg3 Rh1 70. Rb5 Rg1+ 71. Kf2 Rh1 72. Rg5 Rh4
73. Kf3 Rh1 74. Kg2 Rh4 75. Kg3 Rh1 76. Rg6+ Kf5 77. Rg5+ 1/2-1/2

[Event "48th Italian Teams 2016"]
[Site "Civitanova Marche ITA"]
[Date "2016.04.30"]
[Round "5.2"]
[Board "2"]
[White "Djuric, Stefan"]
[Black "Godena, Michele"]
[Result "1/2-1/2"]
[WhiteTitle "GM"]
[BlackTitle "GM"]
[WhiteElo "2391"]
[BlackElo "2493"]
[WhiteTeam "Fano1988"]
[BlackTeam "Obiettivo Risarcimento Padova"]
[WhiteFideId "900133"]
[BlackFideId "800090"]
[EventDate "2016.04.27"]

1. Nf3 d5 2. c4 e6 3. g3 dxc4 4. Qa4+ Bd7 5. Qxc4 c5 6. Ne5 Nc6 7. Nxd7 Qxd7 8.
Bg2 Nf6 9. O-O Be7 10. Nc3 O-O 11. Qa4 Rac8 12. d3 Rfd8 13. Bf4 b6 14. Rfd1 h6
15. Rac1 Ne8 16. h4 Nd6 17. h5 b5 18. Qc2 Nd4 19. Qd2 a6 20. b3 Ne8 21. e3 Nc6
22. Qe2 Nf6 23. Bf3 Bd6 24. Bxd6 Qxd6 25. Ne4 Nxe4 26. dxe4 Qe7 27. Rxd8+ Rxd8 1/2-1/2